Normal view
MARC view
- Rizwan Ahmed
Entry Personal Name
001 - CONTROL NUMBER
- control field: 15900
003 - CONTROL NUMBER IDENTIFIER
- control field: NUST
005 - DATE AND TIME OF LATEST TRANSACTION
- control field: 20190628070246.0
008 - FIXED-LENGTH DATA ELEMENTS
- fixed length control field: 190628|| aca||aabn | a|a d
040 ## - CATALOGING SOURCE
- Original cataloging agency: NUST
- Transcribing agency: NUST
100 ## - HEADING--PERSONAL NAME
- Personal name: Rizwan Ahmed
670 ## - SOURCE DATA FOUND
- Source citation: Work cat.: (NUST): Rizwan Ahmed, AN IMPROVED METHOD FOR ELIMINATING STRESS CONCENTRATION IN A FINITE ELEMENT MODEL /, 2014.
